| 000 | 00672nam a2200205 i 4500 | ||
|---|---|---|---|
| 001 | 36048 | ||
| 003 | ES-MaACL | ||
| 005 | 20250811100105.0 | ||
| 007 | t| | ||
| 008 | 030217s1972 sp ||||1| spa d | ||
| 100 | 1 |
_aBraeutigam, Walter. _9189555 |
|
| 245 | 1 | 0 |
_aReacciones, neurosis, psicopatías _b: compendio de psiquiatría menor / _cpor Walter Brèautigam ; [traducción... Ignacio Rodrigo García]. |
| 250 | _a[1ª ed.]. | ||
| 260 |
_aBarcelona, etc. : _bLabor, _c1972. |
||
| 300 |
_a201 p. ; _c19 cm. |
||
| 650 | 0 | 7 |
_aPsiquiatría _2embne _916586 |
| 700 | 1 |
_aRodrigo García, Ignacio. _998183 |
|
| 852 |
_aES-MaACL _jC-53036 _bR.85387 |
||
| 999 |
_c36048 _d36048 |
||